000 00451nam a2200133 a 4500
001 000026681
005 20200930030342.0
008 110324s1999 dr ad 000 0 spa d
110 1 _aRepública Dminicana
_bBanco Central
_953798
245 1 0 _aResultados del cambio de base del índice de precios al consumidor :
_b(enero 1999 =100).
260 _aSanto Domingo, :
_bBanco Central,
_c1999.
300 _a12 p. :
_bil., gráf. ;
_c28 cm.
999 _c26173
_d26173
040 _aDO-SdBNP